[Event "Berlin-ch Seniors op 39th"]
[Site "Berlin"]
[Date "2023.01.29"]
[Round "6"]
[White "Kapr, Klaus"]
[Black "Mueller, Thomas2222"]
[Result "1/2-1/2"]
[WhiteElo "1948"]
[BlackElo "1954"]
[PlyCount "25"]
[EventDate "2023.01.24"]
[EventType "swiss"]
[EventRounds "9"]
[EventCountry "GER"]
[SourceTitle "CBM 212 Extra"]
[Source "ChessBase"]
[SourceDate "2023.03.31"]
[SourceVersion "1"]
[SourceVersionDate "2023.03.31"]
[SourceQuality "1"]

1. e4 e6 2. d4 d5 3. Nc3 Bb4 4. Bd2 Ne7 5. Qg4 0-0 6. e5 f5 7. Qh5 Qe8 8. Qxe8 Rxe8 9. f4 Bxc3 10. Bxc3 b6 11. h3 Ba6 12. Ne2 c5 13. g3 1/2-1/2

[Event "Berlin-ch Seniors op 39th"]
[Site "Berlin"]
[Date "2023.01.28"]
[Round "5"]
[White "Vandre, Wolfgang"]
[Black "Kapr, Klaus"]
[Result "1/2-1/2"]
[WhiteElo "2112"]
[BlackElo "1948"]
[PlyCount "20"]
[EventDate "2023.01.24"]
[EventType "swiss"]
[EventRounds "9"]
[EventCountry "GER"]
[SourceTitle "CBM 212 Extra"]
[Source "ChessBase"]
[SourceDate "2023.03.31"]
[SourceVersion "1"]
[SourceVersionDate "2023.03.31"]
[SourceQuality "1"]

1. d4 d5 2. c4 e5 3. dxe5 d4 4. Nf3 Nc6 5. g3 Nge7 6. Bg2 Ng6 7. Qb3 Bb4+ 8. Nbd2 0-0 9. 0-0 Be6 10. Ne4 b5 1/2-1/2

[Event "Berlin-ch Seniors op 39th"]
[Site "Berlin"]
[Date "2023.01.26"]
[Round "3"]
[White "Kranch, Klaus"]
[Black "Kapr, Klaus"]
[Result "0-1"]
[WhiteElo "1739"]
[BlackElo "1948"]
[PlyCount "130"]
[EventDate "2023.01.24"]
[EventType "swiss"]
[EventRounds "9"]
[EventCountry "GER"]
[SourceTitle "CBM 212 Extra"]
[Source "ChessBase"]
[SourceDate "2023.03.31"]
[SourceVersion "1"]
[SourceVersionDate "2023.03.31"]
[SourceQuality "1"]

1. Nf3 d5 2. c4 e6 3. b3 Nf6 4. e3 Be7 5. Bb2 Nbd7 6. Qc2 dxc4 7. bxc4 b6 8. d4 Bb7 9. Be2 c5 10. Nc3 cxd4 11. exd4 Rc8 12. Qa4 a6 13. 0-0 0-0 14. Rfd1 Bc6 15. Qb3 Qc7 16. d5 Nc5 17. Qc2 Ba8 18. dxe6 Nxe6 19. Qb3 Nf4 20. Bf1 Nh3+ 21. gxh3 Bxf3 22. Nd5 Nxd5 23. Qxf3 Nf4 24. Qg4 Ng6 25. Rd7 Qc5 26. Rd5 Qb4 27. Bd4 Bc5 28. Bxc5 Rxc5 29. Rxc5 Qxc5 30. Qe4 Qg5+ 31. Qg4 Qf6 32. Rd1 Ne5 33. Qg3 h6 34. Qg2 Nf3+ 35. Kh1 Re8 36. Qg3 Qc3 37. Bd3 Qf6 38. Bf1 g6 39. Bg2 Nd4 40. Rf1 Re2 41. a3 Ra2 42. Bd5 Rc2 43. Kg2 h5 44. h4 Nf5 45. Qh3 Nxh4+ 46. Kg1 Nf5 47. Qf3 Qe7 48. Kh1 Ra2 49. Rg1 Kf8 50. c5 Rb2 51. c6 Qc5 52. Be4 Rxf2 53. Qd3 Nd6 54. Bg2 Rc2 55. Rd1 Rc1 56. Bf3 Qf5 57. Qxf5 Rxd1+ 58. Bxd1 Nxf5 59. Bf3 Ke7 60. Bd5 Nd6 61. Kg2 f6 62. Kf3 Kd8 63. Kf4 Kc7 64. Ke3 Nf5+ 65. Kf4 Ne7 0-1

[Event "Berlin-ch Seniors op 37th"]
[Site "Berlin"]
[Date "2021.06.15"]
[Round "8"]
[White "Kapr, Klaus"]
[Black "Heinig, Wolfram"]
[Result "0-1"]
[WhiteElo "1988"]
[BlackElo "2232"]
[PlyCount "42"]
[EventDate "2021.06.08"]
[EventType "swiss"]
[EventRounds "9"]
[EventCountry "GER"]
[SourceTitle "EXT 2022"]
[Source "ChessBase"]
[SourceDate "2021.10.06"]
[SourceVersion "1"]
[SourceVersionDate "2021.10.06"]
[SourceQuality "1"]

1. e4 c6 2. d4 d5 3. exd5 cxd5 4. c4 Nf6 5. Nc3 Nc6 6. c5 g6 7. Nf3 Bg7 8. Bb5 0-0 9. 0-0 Bg4 10. Bxc6 bxc6 11. h3 Bxf3 12. Qxf3 Nd7 13. Bg5 Bxd4 14. b4 Bg7 15. Rad1 a6 16. a4 Qc7 17. Bxe7 Ne5 18. Qe2 Qxe7 19. f4 Qb7 20. fxe5 Qxb4 21. Qe3 Rae8 0-1

[Event "LSS No Engine Cup 199 Final"]
[Site "LSS email"]
[Date "2020.09.21"]
[Round "?"]
[White "Kapr, Klaus"]
[Black "Varas, Pablo"]
[Result "1/2-1/2"]
[WhiteElo "1600"]
[BlackElo "1892"]
[PlyCount "29"]
[EventDate "2020.09.21"]
[EventType "tourn (corr)"]
[EventRounds "6"]
[EventCountry "GER"]
[SourceTitle "Corr 2022"]
[Source "ChessBase"]
[SourceDate "2021.10.24"]
[SourceVersion "1"]
[SourceVersionDate "2021.10.24"]
[SourceQuality "1"]

1. e4 e5 2. Nf3 Nc6 3. Bb5 a6 4. Ba4 Nf6 5. 0-0 Nxe4 6. Re1 Nc5 7. Bxc6 dxc6 8. Nxe5 Be7 9. d4 Ne6 10. Be3 0-0 11. c4 f6 12. Nf3 f5 13. Nc3 f4 14. Bc1 Bf6 15. d5 1/2-1/2

[Event "LSS No Engine Cup 199 Preliminary 0"]
[Site "LSS email"]
[Date "2020.02.11"]
[Round "?"]
[White "Kapr, Klaus"]
[Black "Mueller Toepler, Michael"]
[Result "1-0"]
[WhiteElo "1600"]
[BlackElo "1988"]
[PlyCount "99"]
[EventDate "2020.02.11"]
[EventType "tourn (corr)"]
[EventRounds "6"]
[EventCountry "GER"]
[SourceTitle "Corr 2022"]
[Source "ChessBase"]
[SourceDate "2021.10.24"]
[SourceVersion "1"]
[SourceVersionDate "2021.10.24"]
[SourceQuality "1"]

1. e4 e5 2. f4 exf4 3. Nf3 Be7 4. Bc4 Bh4+ 5. Kf1 d6 6. d4 Bg5 7. Nxg5 Qxg5 8. Qf3 Be6 9. Bd3 Qa5 10. d5 Bd7 11. Bxf4 Ne7 12. Nd2 Bb5 13. c4 Ba6 14. a3 Qb6 15. b4 Qd4 16. Nb3 Qc3 17. Be2 Qxf3+ 18. gxf3 Ng6 19. Bg3 b6 20. h4 Nd7 21. h5 Ne7 22. Kf2 Rc8 23. Nd4 Bb7 24. Bh4 a6 25. Ke3 Rg8 26. f4 Ra8 27. Bg4 Nf6 28. Bf3 Nd7 29. Rhg1 g6 30. Bd1 Rf8 31. Ba4 Rg8 32. f5 Rh8 33. Bf6 Rg8 34. fxg6 hxg6 35. h6 b5 36. cxb5 Nxf6 37. bxa6+ Bc6 38. Nxc6 Rxa6 39. Bb5 Ra8 40. Rgc1 Ng4+ 41. Kf4 Nxh6 42. Kg5 Rh8 43. Nxe7+ Kxe7 44. Rxc7+ Kf8 45. Bc6 Rb8 46. Rh1 Kg7 47. b5 Rh7 48. a4 Kg8 49. Bd7 Kg7 50. Be6 1-0

[Event "Berlin Lichtenberger op 18th"]
[Site "Berlin"]
[Date "2019.08.19"]
[Round "3"]
[White "Kapr, Klaus"]
[Black "Mock, Peter"]
[Result "1-0"]
[WhiteElo "2031"]
[BlackElo "1784"]
[PlyCount "75"]
[EventDate "2019.08.17"]
[EventType "swiss"]
[EventRounds "9"]
[EventCountry "GER"]
[SourceTitle "EXT 2020"]
[Source "ChessBase"]
[SourceDate "2019.10.17"]
[SourceVersion "1"]
[SourceVersionDate "2019.10.17"]
[SourceQuality "1"]

1. e4 c6 2. d4 d5 3. exd5 cxd5 4. c4 Nf6 5. Nc3 g6 6. Qb3 Bg7 7. cxd5 0-0 8. Nf3 Nbd7 9. Bc4 Nb6 10. 0-0 Bf5 11. Bg5 Rc8 12. Be2 Nfxd5 13. Rfd1 h6 14. Bh4 Be6 15. Qa3 a6 16. Rac1 Re8 17. Ne4 Nf4 18. Bf1 Rxc1 19. Rxc1 Bd5 20. Qe3 Ne6 21. Nc5 Nd7 22. b3 Ndxc5 23. dxc5 Qa5 24. a4 Qb4 25. Bc4 Bxf3 26. Qxf3 Qxc5 27. Qxb7 a5 28. Qb5 Rc8 29. Qxc5 Rxc5 30. Bxe7 Rc7 31. Bd6 Rd7 32. Bg3 Rd2 33. h3 Rb2 34. Bxe6 fxe6 35. Rc8+ Kf7 36. Rc7+ Kf8 37. Bd6+ Kg8 38. Rxg7+ 1-0

[Event "Berlin-ch QT"]
[Site "Berlin"]
[Date "2019.04.26"]
[Round "7"]
[White "Kapr, Klaus"]
[Black "Buttkus, Andree"]
[Result "1/2-1/2"]
[WhiteElo "2027"]
[BlackElo "2030"]
[PlyCount "33"]
[EventDate "2019.04.20"]
[EventType "swiss"]
[EventRounds "9"]
[EventCountry "GER"]
[SourceTitle "EXT 2020"]
[Source "ChessBase"]
[SourceDate "2019.10.17"]
[SourceVersion "1"]
[SourceVersionDate "2019.10.17"]
[SourceQuality "1"]

1. e4 c5 2. Nc3 g6 3. f4 Bg7 4. Nge2 Nc6 5. g3 d6 6. Bg2 Rb8 7. a4 a6 8. 0-0 Bd7 9. d3 b5 10. axb5 axb5 11. Nd5 Nf6 12. c3 0-0 13. Ra6 Ne8 14. Bd2 Nc7 15. Ra1 b4 16. Be3 Nb5 17. Bd2 1/2-1/2

[Event "Berlin Lichtenberger op 16th"]
[Site "Berlin"]
[Date "2017.08.21"]
[Round "3"]
[White "Schauties, Nico Antonio"]
[Black "Kapr, Klaus"]
[Result "0-1"]
[WhiteElo "1690"]
[BlackElo "2007"]
[PlyCount "92"]
[EventDate "2017.08.19"]
[EventType "swiss"]
[EventRounds "9"]
[EventCountry "GER"]
[SourceTitle "CBM 180 Extra"]
[Source "ChessBase"]
[SourceDate "2017.10.06"]
[SourceVersion "1"]
[SourceVersionDate "2017.10.06"]
[SourceQuality "1"]

1. d4 d5 2. c4 Nc6 3. Nc3 Nf6 4. cxd5 Nxd5 5. e4 Nxc3 6. bxc3 e5 7. d5 Ne7 8. Nf3 Ng6 9. Be3 Bd6 10. c4 c5 11. Bd3 0-0 12. Qc2 Nh4 13. Nxh4 Qxh4 14. 0-0 f5 15. g3 Qh5 16. exf5 Bxf5 17. Bxf5 Rxf5 18. Rab1 b6 19. a4 Raf8 20. Qe4 Qe8 21. a5 bxa5 22. Rb5 Qg6 23. Ra1 Qf7 24. Rbxa5 Ra8 25. Ra6 Rf6 26. Qc2 Bf8 27. Qa4 Rxa6 28. Qxa6 Qd7 29. Ra5 Rc8 30. Qxa7 Qg4 31. Qb6 Re8 32. d6 Qd1+ 33. Kg2 e4 34. h3 Bxd6 35. Bxc5 Qf3+ 36. Kh2 Bxc5 37. Qxc5 e3 38. fxe3 Qe2+ 39. Kh1 Rd8 40. Ra1 Qf3+ 41. Kg1 Qxg3+ 42. Kh1 Qxh3+ 43. Kg1 h6 44. Qb6 Qg3+ 45. Kh1 Rd6 46. Qb2 Rg6 0-1

[Event "Berlin Lichtenberger op 15th"]
[Site "Berlin"]
[Date "2016.08.19"]
[Round "7"]
[White "Ritter, Uwe1111"]
[Black "Kapr, Klaus"]
[Result "0-1"]
[WhiteElo "1928"]
[BlackElo "1990"]
[PlyCount "46"]
[EventDate "2016.08.13"]
[EventType "swiss"]
[EventRounds "9"]
[EventCountry "GER"]
[SourceTitle "CBM 173 Extra"]
[Source "ChessBase"]
[SourceDate "2016.08.29"]
[SourceVersion "1"]
[SourceVersionDate "2016.08.29"]
[SourceQuality "1"]

1. f4 d5 2. Nf3 Nf6 3. e3 e6 4. d4 c5 5. c3 Nc6 6. Bd3 Be7 7. 0-0 Ne4 8. Ne5 0-0 9. Nxc6 bxc6 10. Bxe4 dxe4 11. Qa4 cxd4 12. Qxc6 dxe3 13. Qxa8 e2 14. Qxe4 exf1Q+ 15. Kxf1 Qd1+ 16. Qe1 Ba6+ 17. Kf2 Bc5+ 18. Be3 Bxe3+ 19. Qxe3 Rd8 20. Qxa7 Qc2+ 21. Kg3 Bf1 22. Qg1 Rd3+ 23. Kh4 Bxg2 0-1

[Event "Berlin-ch Seniors op 32nd"]
[Site "Berlin"]
[Date "2016.02.01"]
[Round "6"]
[White "Fleischer, Matthias"]
[Black "Kapr, Klaus"]
[Result "1/2-1/2"]
[WhiteElo "1903"]
[BlackElo "2006"]
[PlyCount "48"]
[EventDate "2016.01.26"]
[EventType "swiss"]
[EventRounds "9"]
[EventCountry "GER"]
[SourceTitle "EXT 2019"]
[Source "ChessBase"]
[SourceDate "2018.10.10"]
[SourceVersion "1"]
[SourceVersionDate "2018.10.10"]
[SourceQuality "1"]

1. d4 Nf6 2. Nf3 d5 3. Bg5 Ne4 4. e3 Nxg5 5. Nxg5 e5 6. Nf3 e4 7. Nfd2 Bd6 8. c4 c6 9. Nc3 Be6 10. Qb3 Nd7 11. Qxb7 Rb8 12. Qxc6 Rb6 13. Qa4 dxc4 14. Nxc4 Bxc4 15. Bxc4 Rb4 16. Qa6 Nb8 17. Bb5+ Kf8 18. Qxa7 h5 19. a4 f5 20. Rb1 Rh6 21. Nd5 Rb3 22. Bc4 Nc6 23. Qa6 Nb4 24. Qa7 Nc6 1/2-1/2